000
00349nam a2200157Ia 4500
005
20250425162724.0
008
250425s9999 xx 000 0 und d
041
_a
aar
100
_a
TOLENTINO, A.L
245
0
_a
DINAMICA
250
_a
4A ED.
260
_a
Argentina
_b
A HARBINGER BOOK
_c
2017
300
_a
34
942
_c
01
010
_a
102891
999
_c
235109
_d
235109